000 00904nam a2200241Ia 4500
003 OSt
005 20220923214511.0
006 a|||||r|||| 00| 0
007 ta
008 220922b |||||||| |||| 00| 0 hin d
024 _a170,132
037 _cTextual
040 _aARTS
_cARTS
_bhin
041 _2hin
_ahin
082 _aO152,3N031,TM:g, L4
100 _aवार्ष्णेय, लक्ष्मी सागर
245 0 _aटेढ़े मेढ़े रास्ते की पहचान
_b समीक्षात्मक संकलन
246 _aṬeढ़e meढ़e rāste kī pahachāna: samīkṣhātmak sankalana
260 _c1974
650 _aहिन्दी साहित्य
_9156264
942 _hO152,3N031,TM:g, L4
_cTEXL
_2CC
999 _c324496
_d324496